000
00251nam a2200109Ia 4500
008
220204s9999 xx 000 0 und d
082
_a
658.1
_b
DEV
245
0
_a
Business finance and costs
260
_a
London
_b
Gee
_c
1970
700
_a
C S
942
_c
BK
999
_c
32833
_d
32833